Исследование зависимости жидкотекучести силумина от свойств пенополистирола и способа заливки; Современные техника и технологии; Т. 3

Podrobná bibliografie
Parent link:Современные техника и технологии: сборник трудов XIX международной научно-практической конференции студентов, аспирантов и молодых ученых, Томск, 15-19 апреля 2013 г./ Национальный исследовательский Томский политехнический университет (ТПУ).— , 2013
Т. 3.— 2013.— [С. 322-323]
Hlavní autor: Лукьянченко А. А.
Korporativní autor: Национальный исследовательский Томский политехнический университет (ТПУ) Институт физики высоких технологий (ИФВТ) Кафедра материаловедения и технологии металлов (МТМ)
Další autoři: Утьев О. М. Олег Михайлович (научный руководитель)
Shrnutí:Заглавие с титульного экрана
Jazyk:ruština
Vydáno: 2013
Edice:Дизайн и технология художественной обработки материалов
Témata:
On-line přístup:http://www.lib.tpu.ru/fulltext/c/2013/C01/V3/156.pdf
Médium: MixedMaterials Elektronický zdroj Kapitola
KOHA link:https://koha.lib.tpu.ru/cgi-bin/koha/opac-detail.pl?biblionumber=244478

MARC

LEADER 00000naa2a2200000 4500
001 244478
005 20251223162456.0
035 |a (RuTPU)RU\TPU\book\265862 
035 |a RU\TPU\book\265860 
090 |a 244478 
100 |a 20131023d2013 k y0rusy50 ca 
101 0 |a rus 
102 |a RU 
135 |a drnn ---uucaa 
181 0 |a i  
182 0 |a b 
200 1 |a Исследование зависимости жидкотекучести силумина от свойств пенополистирола и способа заливки  |f А. А. Лукьянченко  |g науч. рук. О. М. Утьев 
203 |a Текст  |c электронный 
225 1 |a Дизайн и технология художественной обработки материалов 
300 |a Заглавие с титульного экрана 
320 |a [Библиогр.: с. 323 (1 назв.)] 
337 |a Adobe Reader 
461 1 |0 (RuTPU)RU\TPU\book\263794  |t Современные техника и технологии  |o сборник трудов XIX международной научно-практической конференции студентов, аспирантов и молодых ученых, Томск, 15-19 апреля 2013 г.  |o в 3 т.  |f Национальный исследовательский Томский политехнический университет (ТПУ)   |d 2013 
463 1 |0 (RuTPU)RU\TPU\book\263799  |t Т. 3  |v [С. 322-323]  |d 2013 
610 1 |a труды учёных ТПУ 
610 1 |a электронный ресурс 
610 1 |a текучесть 
610 1 |a силумины 
610 1 |a пенополистирол 
610 1 |a заливка 
610 1 |a способы 
700 1 |a Лукьянченко  |b А. А. 
702 1 |a Утьев  |b О. М.  |c специалист в области материаловедения  |c старший преподаватель Томского политехнического университета  |f 1964-  |g Олег Михайлович  |3 (RuTPU)RU\TPU\pers\26500  |4 727  |9 12202 
712 0 2 |a Национальный исследовательский Томский политехнический университет (ТПУ)  |b Институт физики высоких технологий (ИФВТ)  |b Кафедра материаловедения и технологии металлов (МТМ)  |3 (RuTPU)RU\TPU\col\18689 
801 2 |a RU  |b 63413507  |c 20131023  |g RCR 
856 4 |u http://www.lib.tpu.ru/fulltext/c/2013/C01/V3/156.pdf 
942 |c CF